Quizzes
Events
Quiz Creation
Community
Videos
Private Events
Remove Ads
Sign In
Join for FREE
Feedback
Dark Mode
Quiz Categories
Sports
Geography
Music
Movies
Television
Just For Fun
Miscellaneous
History
Literature
Language
Science
Gaming
Entertainment
Religion
Holiday
For Kids
Quiz Lab
Recent
Popular Today
Quiz Kudos Today
Editor Picks
Curator Picks
Quizzes by...
Day
Popularity
Type
Ratings
Length
Year
Community
Subscriptions
Recent Discussions
Orange Saloon
Badges
Playlists
Quests
Create
Leaderboards
Showdown
Live 5
Trivia Bingo
Activity
Puzzle Library
Sporcle Events
Private Events
Virtual Trivia
Globe League
Become a Host
Pub Owners
SporcleCon
Opinionation
Our Games
Videos
Blog
Mobile Apps
Partnerships
Remove Ads and Go Orange
Feedback
Holiday
Halloween
Christmas
Holiday Songs
April Fools'
Thanksgiving
Valentine's Day
Easter
St Patrick's Day
National Holiday
Religious Holiday
Holiday
Halloween
Christmas
Holiday Songs
April Fools'
Thanksgiving
Valentine's Day
Easter
St Patrick's Day
National Holiday
Religious Holiday
Random Quiz
Search Sporcle
×
Editor Pick
Editor Pick
Holiday
Sporcle
Type answers that appear on an image
Type answers that appear on an image
Map
Best Score? Go Orange.
Happy Birthday, Sporcle! Stats
Can you answer these questions in order to wish Sporcle a happy tenth birthday?
By
El_Dandy
10m
35 Questions
2,065 Plays
2,065 Plays
2,065 Plays
Comments
Comments
Give Quiz Kudos
Give Quiz Kudos
-
- Ratings
hide this ad
More Info
Forced Order
Answers have to be entered in order
Answers have to be entered in order
Replay
Link that replays current quiz
Next Quiz
Link to next quiz in quiz playlist
You Got
0%
They Got
Avg Score
94%
Avg Friend Score
Upgrade to see
Score Distribution
Jump to the score distribution portion of the page
Score
0/35
Timer
10:00
0
Plays Today
% Correct
10
99.7%
10
95.7%
10
95.7%
10
95.5%
10
95.4%
10
95.3%
10
95.3%
10
95.1%
10
94.8%
10
94.8%
10
94.7%
10
94.7%
10
94.6%
10
94.5%
10
94.5%
10
94.4%
10
94.4%
10
94.4%
% Correct
10
94.4%
10
94.3%
10
94.2%
10
94.2%
10
94.1%
10
94%
10
93.9%
10
93.9%
10
93.8%
10
93.8%
10
93.8%
10
93.8%
10
93.8%
10
93.8%
10
93.8%
10
93.8%
10
93.8%
Quiz Playlist
Details
Report
Send in Message
Add To Playlist
More Info:
Sporcle turns ten on January 30th!
Map:
Type answers that appear on an image
Forced Order:
Answers have to be entered in order
Last Updated: Apr 21, 2023
Editor Pick in
Holiday
Quiz Scoreboard
CHALLENGE
Sign Up to Join the Scoreboard
Show All
Scores
Hide
Comments
May contain spoilers
Recently Published
TV Characters by Other Roles V
by ghcgh
Television
5m
Decade Duel: World Leaders
by jenniferyan
History
4m
Alphabetical 'K' Countries by Flag Minefield
by ylime102
Geography
3m
More to Explore
Quiz From the Vault
Featured Blog Post
15 Basketball Trivia Facts You Can Be March Mad About
hide this ad
You Might Also Like...
Tags
General Knowledge Quiz
Grab Bag Quiz
Numbers Quiz
Sporcle Quiz
Birthday
map
ten
Today's Top Quizzes in Holiday
Browse Holiday
hide this ad
Today's Top Quizzes in Sporcle
Browse Sporcle
Top Contributed Quizzes in Holiday
1
Pick 6: Holidays
2
Pick 6: Halloween Costumes
3
Pick 6: Christmas Villains
4
Pick 6: Christmas
5
Seasons Vowels
6
Sunday Crossword: St. Patrick's Day
7
7-to-1: Easter
8
April Fools' Match
9
Spring Holidays Are Everywhere
10
One Subcategory in 15 Categories - Easter
Explore More
Trending Topics
Kpop
Disney
NBA
Crossword
Anime
Marvel
Harry Potter
Country
WWE
Song
Puzzle
The Office
Soccer
NFL
Pokémon
hide this ad
More By:
El_Dandy
Quiz
Plays
Rating
Category
Featured
Created
MCU Movie Images (Minefield)
445,832
4.62
Movies
Jul 8, 2019
Click the US Presidents by Picture (Minefield)
312,763
4.67
History
Jun 1, 2020
Pixar Movie Images (Minefield)
274,834
4.68
Movies
Nov 1, 2019
Disney Animated Movie Images (Minefield)
273,963
4.53
Movies
May 8, 2020
Last Six Unique European Football Champions
267,039
4.71
Sports
Oct 17, 2017
Go to Creator's Profile
Score Distribution
Quiz Creator Spotlight
El_Dandy
Follow
Send a Message
Quizzes Created
-
Created Quiz Play Count
-
More By This Creator
Popular Quizzes Today
1
Countries of Asia Without Outlines Minefield
2
Find the US States - No Outlines Minefield
3
Pick 6: Fruits
4
The Countries of the World
5
Find the Countries of Europe - No Outlines Minefield
6
Alphabetical 'K' Countries by Flag Minefield
7
US States
8
Find the US States
More Holiday Quizzes
Follow the Directions - Halloween
Editor's Pick
Trending Quizzes
Pick 6: Mountains
Pick 6: Harry Potter
Pick 6: Flags
Pick 6: NFL Teams
C Names for Actors
Recently Updated
Adaptations: Name the Title
pecheneg
NWSL Teams
pecheneg
Women's Final Four Teams by Year
bhenderson79
Presidents Quartet II
eogle
Anything But Clue(do)
eogle
Anything But Oceanian Capitals
eogle
Anything But 7
eogle
Anything But Thing
eogle
Word Ladder: February 29
pecheneg
Song Title Questions
pecheneg
Trending Topics
Disney
Anime
Kpop
Marvel
NBA
Harry Potter
Crossword
Puzzle
Pokémon
WWE
Soccer
The Office
Song
NFL
Country
Your Account Isn't Verified!
In order to create a playlist on Sporcle, you need to verify the email address you used during registration. Go to your
Sporcle Settings
to finish the process.
Report this User
Report this user for behavior that violates our
Community Guidelines
.
Details:
Send Report
Go to the Sporcle.com Mobile Site →
Comments